Francisco de Zurbarán (Record no. 7989)
[ view plain ]
| 000 -CABECERA | |
|---|---|
| campo de control de longitud fija | 00889nam a2200253 a 4500 |
| 001 - NÚMERO DE CONTROL | |
| campo de control | BRCA_8321 |
| 005 - FECHA Y HORA DE LA ÚLTIMA TRANSACCIÓN | |
| campo de control | 20190320210227.0 |
| 008 - DATOS DE LONGITUD FIJA--INFORMACIÓN GENERAL | |
| campo de control de longitud fija | 260614s1918----gw-a###f##---#001-0#ger-# |
| 041 ## - CÓDIGO DE LENGUA | |
| Código de lengua del texto/banda sonora o título independiente | ger |
| 044 ## - CÓDIGO DEL PAÍS DE LA ENTIDAD EDITORA/PRODUCTORA | |
| Código MARC del país | gw |
| 050 #4 - SIGNATURA TOPOGRÁFICA DE LA BIBLIOTECA DEL CONGRESO | |
| Número de clasificación | ND813.Z9 |
| Número de documento/Ítem | .K4 2 1918 |
| 100 1# - ENTRADA PRINCIPAL--NOMBRE DE PERSONA | |
| Nombre de persona | Kehrer, Hugo |
| 9 (RLIN) | 13808 |
| 245 10 - MENCIÓN DE TÍTULO | |
| Título | Francisco de Zurbarán |
| Mención de responsabilidad, etc. | von Hugo Kehrer. |
| 260 ## - PUBLICACIÓN, DISTRIBUCIÓN, ETC. | |
| Lugar de publicación, distribución, etc. | Múnich |
| Nombre del editor, distribuidor, etc. | Hugo Schmidt |
| Fecha de publicación, distribución, etc. | 1918 |
| 300 ## - DESCRIPCIÓN FÍSICA | |
| Extensión | 168 p. |
| Otras características físicas | il., 87 láminas |
| Dimensiones | 25 cm. |
| 500 ## - NOTA GENERAL | |
| Nota general | Incluye índice de ilustraciones, índice alfabético, catálogo de pintores y obras maestras, una carta hecha por Luis de Zurbarán a Don Pedro Belqueta Rebolledo el dia 19 de diciembre de 1613 en Sevilla |
| 500 ## - NOTA GENERAL | |
| Nota general | Ejemplar igual E129 |
| 500 ## - NOTA GENERAL | |
| Nota general | R16 |
| 504 ## - NOTA DE BIBLIOGRAFÍA, ETC. | |
| Nota de bibliografía, etc. | Bibliografía p. 162-164 |
| 600 14 - PUNTO DE ACCESO ADICIONAL DE MATERIA--NOMBRE DE PERSONA | |
| Nombre de persona | Zurbarán, Francisco de |
| Fechas asociadas al nombre | 1598-1664 |
| Subdivisión de forma | pintor |
| 9 (RLIN) | 13809 |
| 650 14 - PUNTO DE ACCESO ADICIONAL DE MATERIA--TÉRMINO DE MATERIA | |
| Término de materia o nombre geográfico como elemento de entrada | Pintores españoles |
| 9 (RLIN) | 7620 |
| 902 ## - CATALOGADOR | |
| Iniciales | GFM |
| 942 ## - ELEMENTOS DE PUNTO DE ACCESO ADICIONAL (KOHA) | |
| Fuente del sistema de clasificación o colocación | Library of Congress Classification |
| Tipo de ítem Koha | Libros |
| Estado de retiro | Estado de pérdida | Estado dañado | No para préstamo | Localización permanente | Ubicación/localización actual | Fecha de adquisición | Número de inventario | Total de préstamos | Signatura topográfica completa | Código de barras | Fecha visto por última vez | Precio válido a partir de | Tipo de ítem Koha |
|---|---|---|---|---|---|---|---|---|---|---|---|---|---|
| El ejemplar forma parte de la colección y puede ser consultado según las políticas vigentes. | Biblioteca del Museo Franz Mayer (Rogerio Casas-Alatriste) | Biblioteca del Museo Franz Mayer (Rogerio Casas-Alatriste) | 26/06/2014 | R16 | ND813.Z9 .K4 2 1918 (R16) | 8945 | 22/03/2019 | 22/03/2019 | Libros |